DATA VISUALIZATION FOR DESIGN THINKING (Record no. 1222014)

MARC details
000 -LEADER
fixed length control field 00394nam a22001577a 4500
005 - DATE AND TIME OF LATEST TRANSACTION
control field 20260523112028.0
008 - FIXED-LENGTH DATA ELEMENTS--GENERAL INFORMATION
fixed length control field 260523b |||||||| |||| 00| 0 eng d
041 ## - LANGUAGE CODE
Source of code ENGLISH
100 ## - MAIN ENTRY--PERSONAL NAME
Personal name WINIFRED E NEWMAN
245 ## - TITLE STATEMENT
Title DATA VISUALIZATION FOR DESIGN THINKING
250 ## - EDITION STATEMENT
Edition statement 2025
260 ## - PUBLICATION, DISTRIBUTION, ETC. (IMPRINT)
Place of publication, distribution, etc LONDON
Name of publisher, distributor, etc TAYLOR AND FRANSIS
Date of publication, distribution, etc 1/12/2025
300 ## - PHYSICAL DESCRIPTION
Extent P- 278
365 ## - TRADE PRICE
Price amount 2995
942 ## - ADDED ENTRY ELEMENTS (KOHA)
Item type Book

No items available.